Nenápadný král módního světa

Amancio Ortega - životný príbeh a kariéra španielskeho podnikateľa v oblasti módy. Zakladateľ holdingu Inditex, ku ktrorému patria značky ako Zara a Bershka. Expanzia do Portugalska, USA a Francúzska. "Demokratizácia módy" - dobrá kvalita za prístupnú cenu. Inovatívny obchodník. Jedno z tajomstva ús...

Ausführliche Beschreibung

Gespeichert in:
Bibliographische Detailangaben
1. Verfasser: Bublíková, Barbara
Format: Buchkapitel
Sprache:Tschechisch
Schlagworte:
Tags: Tag hinzufügen
Keine Tags, Fügen Sie das erste Tag hinzu!

MARC

LEADER 00000naa a2200000 4500
001 0229620
005 20170427085859.5
041 0 |a cze 
044 |a CZ 
245 1 0 |a Nenápadný král módního světa  |c Barbara Bublíková 
520 |a Amancio Ortega - životný príbeh a kariéra španielskeho podnikateľa v oblasti módy. Zakladateľ holdingu Inditex, ku ktrorému patria značky ako Zara a Bershka. Expanzia do Portugalska, USA a Francúzska. "Demokratizácia módy" - dobrá kvalita za prístupnú cenu. Inovatívny obchodník. Jedno z tajomstva úspechu - prijať nápady tých, ktorí sa v danej oblasti vyznajú lepšie. 
610 2 0 |a podnikatelia 
610 2 0 |a podnikanie 
610 2 0 |a manažéri 
610 2 0 |a odevy 
610 2 0 |a výroba 
610 2 0 |a značky 
610 2 0 |a kvalita 
610 2 0 |a ceny 
610 2 0 |a Španielsko 
100 1 |a Bublíková, Barbara